01427cam a2200337 a 450000100090000000300040000900500170001300800410003001000170007102000350008802000210012304000180014405000210016208200120018310000220019524501180021725000120033526000350034730000790038250000350046150400650049653802250056165000300078665000330081670000250084970000260087490600450090094200120094599900150095795201170097213057223OSt20180117085953.0030114s2004 maua b 001 0 eng  a 2003042019 a0072820306 (hbk. : alk. paper) a0071215018 (ISE) aDLCcDLCdDLC00aBF713b.P35 200400a1552211 aPapalia, Diane E.10aHuman development /cDiane E. Papalia, Sally Wendkos Olds, Ruth Duskin Feldman ; in consultation with Dana Gross. a9th ed. aBoston :bMcGraw-Hill,cc2004. a1 v. (various pagings) :bill. (some col.)c29 cm. +e1 CD-ROM (4 3/4 in.) aAccompanied by student CD-ROM. aIncludes bibliographical references (p. B1-B82) and indexes. aSystem requirements for accompanying CD-ROM: Windows 98 or higher, or Mac OS 8.6 or higher, with 48MB RAM, 4X CD-ROM drive, Netscape Navigator 5.x or higer, Microsoft Internet Explorer 5.1 or higher, IE Browser included. 0aDevelopmental psychology. 0aDevelopmental psychobiology.1 aOlds, Sally Wendkos.1 aFeldman, Ruth Duskin. a7bcbccorignewd1eocipf20gy-gencatlg 2ddccBK c2947d2947 00102ddc40708NFICaCLbCLcGENd2016-03-28l2m2o155 HUMpS3H-N-274r2025-03-04s2025-02-27w2016-03-28yBK